<?xml version="1.0" encoding="UTF-8"?>
<record
    xmlns:xsi="http://www.w3.org/2001/XMLSchema-instance"
    xsi:schemaLocation="http://www.loc.gov/MARC21/slim http://www.loc.gov/standards/marcxml/schema/MARC21slim.xsd"
    xmlns="http://www.loc.gov/MARC21/slim">

  <leader>00960nam a22002537a 4500</leader>
  <controlfield tag="003">St Aloysius Coll</controlfield>
  <controlfield tag="005">20260305172456.0</controlfield>
  <controlfield tag="008">260227b        |||||||| |||| 00| 0 eng d</controlfield>
  <datafield tag="020" ind1=" " ind2=" ">
    <subfield code="a">9781292735450</subfield>
  </datafield>
  <datafield tag="040" ind1=" " ind2=" ">
    <subfield code="c">AL</subfield>
  </datafield>
  <datafield tag="041" ind1=" " ind2=" ">
    <subfield code="a">English</subfield>
  </datafield>
  <datafield tag="082" ind1=" " ind2=" ">
    <subfield code="a">302</subfield>
    <subfield code="b">CLAS</subfield>
  </datafield>
  <datafield tag="100" ind1=" " ind2=" ">
    <subfield code="a">Debbie Clayton</subfield>
    <subfield code="9">257106</subfield>
  </datafield>
  <datafield tag="245" ind1=" " ind2=" ">
    <subfield code="a">Social psychology</subfield>
    <subfield code="b">: psychology express</subfield>
  </datafield>
  <datafield tag="250" ind1=" " ind2=" ">
    <subfield code="a">2</subfield>
  </datafield>
  <datafield tag="260" ind1=" " ind2=" ">
    <subfield code="a">London</subfield>
    <subfield code="b">Pearson</subfield>
    <subfield code="c">2025</subfield>
  </datafield>
  <datafield tag="300" ind1=" " ind2=" ">
    <subfield code="a">xiv, 257p.</subfield>
    <subfield code="b">PB</subfield>
    <subfield code="c">23.2x15.5cm</subfield>
  </datafield>
  <datafield tag="365" ind1=" " ind2=" ">
    <subfield code="2">General</subfield>
    <subfield code="a">6279</subfield>
    <subfield code="b">&#x20B9;1803.00</subfield>
    <subfield code="c">&#x20B9;</subfield>
    <subfield code="d">&#x20B9;2254.00</subfield>
    <subfield code="e">20%</subfield>
    <subfield code="f">23/02/2026</subfield>
  </datafield>
  <datafield tag="520" ind1=" " ind2=" ">
    <subfield code="a">Attitudes; Attitude Change and persuasion; Attribution theory; Self and identity; Social influence; Group processes; Prejudice and inter group relations; Prosocial behaviour; Aggression; Attraction and close relationships; Critical social psychology</subfield>
  </datafield>
  <datafield tag="650" ind1=" " ind2=" ">
    <subfield code="2">Psychology</subfield>
    <subfield code="a">Social Psychology</subfield>
    <subfield code="9">257107</subfield>
  </datafield>
  <datafield tag="700" ind1=" " ind2=" ">
    <subfield code="a">Freeman, Leanne</subfield>
    <subfield code="9">257108</subfield>
  </datafield>
  <datafield tag="700" ind1=" " ind2=" ">
    <subfield code="a">Mercer, Jenny</subfield>
    <subfield code="9">257109</subfield>
  </datafield>
  <datafield tag="942" ind1=" " ind2=" ">
    <subfield code="2">ddc</subfield>
    <subfield code="c">BK</subfield>
  </datafield>
  <datafield tag="999" ind1=" " ind2=" ">
    <subfield code="c">240965</subfield>
    <subfield code="d">240965</subfield>
  </datafield>
  <datafield tag="952" ind1=" " ind2=" ">
    <subfield code="0">0</subfield>
    <subfield code="1">0</subfield>
    <subfield code="2">ddc</subfield>
    <subfield code="4">0</subfield>
    <subfield code="7">0</subfield>
    <subfield code="8">MSW</subfield>
    <subfield code="a">SACPG</subfield>
    <subfield code="b">SACPG</subfield>
    <subfield code="d">2026-02-25</subfield>
    <subfield code="e">Biblios Book Point</subfield>
    <subfield code="g">1803.00</subfield>
    <subfield code="l">0</subfield>
    <subfield code="o">302 CLAS</subfield>
    <subfield code="p">PG025205</subfield>
    <subfield code="r">2026-02-27 16:50:12</subfield>
    <subfield code="v">2254.00</subfield>
    <subfield code="w">0000-00-00</subfield>
    <subfield code="y">BK</subfield>
  </datafield>
</record>
